Island Countries by Emojis - Statistics

General Stats
  • This quiz has been taken 40 times
    12 since last reset
  • The average score is 8 of 14
Answer Stats
Hint Country % Correct
πŸŽŽπŸ£πŸ—» Japan
100%
β˜•πŸ°πŸŽ© United Kingdom
100%
β„οΈπŸŒ‹πŸ§Š Iceland
89%
πŸ€πŸŒ§οΈπŸΊ Ireland
89%
πŸš—πŸŒ΄πŸš¬ Cuba
78%
πŸ₯πŸ‰πŸ‘ New Zealand
67%
πŸŒ‡πŸ₯΅πŸ›’️ Bahrain
44%
πŸ˜πŸ›•πŸŒ΄ Sri Lanka
44%
πŸ›οΈπŸŒΏβ›ͺ Cyprus
33%
πŸŒ‹πŸ•ŒπŸŒ³ Indonesia
33%
βšΎπŸŒžπŸ’ƒ Dominican Republic
22%
β›ͺ🌺🍚 Philippines
22%
πŸ¦πŸ™οΈπŸš’ Singapore
22%
πŸ₯ŸπŸ§§πŸ“± Taiwan
22%
No matching quizzes found
Score Distribution
Percent of People with Each Score
Percentile by Number Answered
Your Score History
You have not taken this quiz since the last reset